000 00465nam a2200181Ia 4500
001 25281
005 20260414151139.0
008 260414t2017||||xx |||||||||||||| ||spa||
041 _aESP
082 _a346.431
_bG67
100 _aGonzales Barrón, Gunther Hernán
_eAUT
245 0 _aContratación inmobiliaria y protección registral
_b
260 _c2017
300 _a421 páginas :
_c25 cm.
650 _aDER
654 _aCDE
942 _cLIB
_dJUS
_fJUS
_2ddc
_n
999 _c25281
_d25281